000 00254nam a22001217a 4500
003 OSt
008 221102b |||||||| |||| 00| 0 eng d
041 _aMAL
082 _a294.5924
_bKM/BH
100 _aK.M
_95282
245 _aBHAGAVATH GEETHA
942 _cBK
999 _c17568
_d17568